000 00584nam a22001937a 4500
005 20260417154014.0
010 _aENG-148254
020 _a9789385509711
_c399.00
035 _aEN-131786
037 _bDBAD
082 _a158.1
100 _aKalra, Ajay
_988970
245 _a Principles to Radically transform and Renew Your Life Thrive/
_cAjay Kalra
250 _a1
260 _aMumbai
_bIndus Source Books
_c2023
270 _aPO Box 6194, Malabar Hill PO
_bMumbai
_e400006
_minfo@indussource.com
300 _a220p
_c22cm(pb)
942 _2ddc
_cEN
_h158.1
_mKAL
999 _c215955
_d215955